|
|
|
|
| LEADER |
00000nab a2200000 a 4500 |
| 001 |
vtls010313938 |
| 003 |
SK-MaSNL |
| 005 |
20260304035527.0 |
| 008 |
110927c2011 xo wrzp 0 0slo |
| 015 |
|
|
|a SNBRB2011/09
|2 rvgkpd
|
| 038 |
|
|
|a RVGKPD
|
| 040 |
|
|
|a RVGKPD
|b slo
|c RVGKPD
|e AACR2
|
| 041 |
0 |
|
|a slo
|
| 044 |
|
|
|a xo
|c SK
|
| 080 |
|
|
|a 338.2
|x (4)
|2 1997
|
| 100 |
1 |
|
|a Hlaváč, Michal
|4 aut
|4 ivr
|9 835538
|
| 245 |
1 |
0 |
|a Sebaistý
|b Richard Sulík tvrdí, že hoci jeho strana euroval nepodporí, vláda pre to nepadne
|
| 300 |
|
|
|b Fotogr.
|
| 600 |
1 |
7 |
|a Sulík, Richard,
|d 1968-
|2 rvgkpd
|9 105465
|
| 610 |
2 |
7 |
|a Európska únia
|2 rvgkpd
|9 29861
|
| 650 |
0 |
7 |
|a eurozóna
|2 rvgkpd
|9 13394
|
| 655 |
|
7 |
|a rozhovory
|2 rvgkpd
|9 31831
|
| 700 |
1 |
|
|a Sulík, Richard,
|d 1968-
|4 aut
|4 ive
|9 105465
|
| 773 |
0 |
|
|t Plus 7 dní
|g Roč. XX, č. 39 (2011), s. 28-30
|x 1210-4040
|
| 852 |
|
|
|a RVGKPD
|b KIS3G
|
| 856 |
4 |
1 |
|u http://plus7dni.pluska.sk/plus7dni/rozhovor/sebaisty.html
|
| 958 |
|
|
|a SK
|
| 992 |
|
|
|a RBX
|
| 999 |
|
|
|c 2658621
|d 2660551
|